000 01198nam2a22002411 4500
001 RU\NLR\INFOCOMM20\1000028506
005 20250617122319.0
035 _a(NLR Aleph) 002599637
090 _a3432221
_c3432221
100 _a20040701d1971 |||y0rusy50 ca
101 0 _arus
102 _aRU
105 _ay |||||||||
200 1 _aМатериалы III Новосибирской конференции по патологии позвоночника
210 _d1971
_aБ. м.
461 0 _1001RU\NLR\INFOCOMM20\1000028501
_12001#$aПатология позвоночника$eНауч. труды$fЛенингр. науч.-исслед. ин-т травматологии и ортопедии им. Р.Р. Вредена. М-во здрав. РСФС Р$v[Вып.6]
_93432187
_cЛ.
_d1966-
_fЛенингр. науч.-исслед. ин-т травматологии и ортопедии им. Р.Р. Вредена. М-во здрав. РСФСР
_oНауч. труды
_tПатология позвоночника
_v[Вып.6]
801 1 _aRU
_bInfoComm
_c20040701
801 0 _aRU
_bNLR
_gPSBO
852 _aNLR
_j71-5/2932
942 _cISSUE
980 _aNB
980 _aRUSPER